书目信息 |
| 题名: |
城市道路建设与管理
|
|
| 作者: | 周建国 , 宋广骞 , 杨海燕 主编 | |
| 分册: | ||
| 出版信息: | 长春 吉林科学技术出版社 2022.04 |
|
| 页数: | 229页 | |
| 开本: | 26cm | |
| 丛书名: | ||
| 单 册: | ||
| 中图分类: | U412.37 | |
| 科图分类: | ||
| 主题词: | 城市道路--cheng shi dao lu--道路建设--研究--中国 | |
| 电子资源: | ||
| ISBN: | 978-7-5578-9190-9 | |
| 000 | 01134nam0 2200265 450 | |
| 001 | CAL 012022036802 | |
| 005 | 20230217093112.0 | |
| 010 | @a978-7-5578-9190-9@dCNY69.00 | |
| 100 | @a20221020d2022 em y0chiy0120 ea | |
| 101 | 0 | @achi |
| 102 | @aCN@b220000 | |
| 105 | @aa a 000yy | |
| 106 | @ar | |
| 200 | 1 | @a城市道路建设与管理@Acheng shi dao lu jian she yu guan li@f周建国, 宋广骞, 杨海燕主编 |
| 210 | @a长春@c吉林科学技术出版社@d2022.04 | |
| 215 | @a229页@c图@d26cm | |
| 320 | @a有书目 (第228-229页) | |
| 330 | @a本文主要介绍城市道路建设, 城市道路是城市经济发展的产物, 支撑起城市的发展, 反映着城市发展水平, 对社会有着重要的影响。文章从城市道路建设与管理两个方面进行介绍, 主要对城市道路设计、节能、施工、可持续发展等方面进行分析。本书内容包括: 市政道路工程概述 ; 城市道路设计 ; 城市道路建设节能问题分析 ; 城市道路工程施工技术等。 | |
| 606 | 0 | @a城市道路@Acheng shi dao lu@x道路建设@x研究@y中国 |
| 690 | @aU412.37@v5 | |
| 701 | 0 | @a周建国@Azhou jian guo@4主编 |
| 701 | 0 | @a宋广骞@Asong guang qian@4主编 |
| 701 | 0 | @a杨海燕@Ayang hai yan@4主编 |
| 801 | 0 | @aCN@bBJXHZP@c20230228 |
| 905 | @b1386336-9@dU412.37@e1114@f4 | |
| 城市道路建设与管理/周建国, 宋广骞, 杨海燕主编.-长春:吉林科学技术出版社,2022.04 |
| 229页:图;26cm |
| ISBN 978-7-5578-9190-9:CNY69.00 |
| 本文主要介绍城市道路建设, 城市道路是城市经济发展的产物, 支撑起城市的发展, 反映着城市发展水平, 对社会有着重要的影响。文章从城市道路建设与管理两个方面进行介绍, 主要对城市道路设计、节能、施工、可持续发展等方面进行分析。本书内容包括: 市政道路工程概述 ; 城市道路设计 ; 城市道路建设节能问题分析 ; 城市道路工程施工技术等。 |
| ● |
| 相关链接 |
|
|
|
|
正题名:城市道路建设与管理
索取号:U412.37/1114
 
预约/预借
| 序号 | 登录号 | 条形码 | 馆藏地/架位号 | 状态 | 备注 |
| 1 | 1386336 | 213863363 | 第二样本阅览室/ [索取号:U412.37/1114] | 在馆 | |
| 2 | 1386337 | 213863372 | 第三借阅区/ [索取号:U412.37/1114] | 在馆 | |
| 3 | 1386338 | 213863381 | 第三借阅区/ [索取号:U412.37/1114] | 在馆 | |
| 4 | 1386339 | 213863390 | 第三借阅区/ [索取号:U412.37/1114] | 在馆 |